Hajimemashou : learn basic Japanese / Marjorie Rea-Dafun, PhD. (Record no. 21301)

000 -LEADER
fixed length control field 00529nam a22001577a 4500
020 ## - INTERNATIONAL STANDARD BOOK NUMBER
ISBN 9789719655022
082 ## - DEWEY DECIMAL CLASSIFICATION NUMBER
Classification number 495.65
Item number R2813 2022
100 ## - MAIN ENTRY--AUTHOR NAME
Personal name Rea-Dafun, Marjorie, author.
245 ## - TITLE STATEMENT
Title Hajimemashou : learn basic Japanese / Marjorie Rea-Dafun, PhD.
260 ## - PUBLICATION, DISTRIBUTION, ETC. (IMPRINT)
Place of publication Manila :
Name of publisher Mindshapers Co., Inc.,
Year of publication ©2022.
300 ## - PHYSICAL DESCRIPTION
Number of Pages xi, 208 pages :
Other physical details illustrations ; 23 cm
500 ## - GENERAL NOTE
General note Includes bibliographical references.
650 ## - SUBJECT ADDED ENTRY--TOPICAL TERM
Topical Term Japanese language -- Grammar.
700 ## - ADDED ENTRY--PERSONAL NAME
Personal name Japnese language -- Self-instruction.
942 ## - ADDED ENTRY ELEMENTS (KOHA)
Koha item type Books
Holdings
Source of acquisition Permanent Location Date acquired Koha item type Collection code Accession Number Lost status Shelving location Withdrawn status Current Location Full call number
SchoolCagayan State University - Carig Library2025-08-27BooksLanguages011057 General Collection Cagayan State University - Carig Library495.65 R2813 2022
SchoolCagayan State University - Carig Library2025-08-27BooksLanguages011058 General Collection Cagayan State University - Carig Library495.65 R2813 2022
SchoolCagayan State University - Carig Library2025-08-27BooksLanguages011059 General Collection Cagayan State University - Carig Library495.65 R2813 2022

Cagayan State University University Library, Carig Campus
Tuguegarao City, Cagayan 3500 | www.csucarig.edu.ph

Powered by Koha